[Event "escc2023_50"]
[Site "?"]
[Date "2023.05.29"]
[Round "4.17"]
[White "Mordiglia, Riccardo"]
[Black "Hartmann, Wolfgang"]
[Result "1-0"]
[BlackElo "1944"]
[WhiteElo "2073"]
[LiveChessVersion "1.4.8"]

1. e4 {[%clk 1:30:53]} c5 {[%clk 1:30:48]} 2. Nc3 {[%clk 1:30:53]} Nc6
{[%clk 1:31:10]} 3. f4 {[%clk 1:30:50]} g6 {[%clk 1:31:21]} 4. Nf3
{[%clk 1:30:57]} Bg7 {[%clk 1:31:38]} 5. Bc4 {[%clk 1:30:17]} e6 {[%clk 1:31:50]}
6. O-O {[%clk 1:24:45]} Nge7 {[%clk 1:30:25]} 7. d3 {[%clk 1:20:08]} O-O
{[%clk 1:27:52]} 8. a3 {[%clk 1:18:40]} d6 {[%clk 1:16:22]} 9. Kh1
{[%clk 1:14:04]} a6 {[%clk 1:14:38]} 10. Qe1 {[%clk 1:10:26]} b5 {[%clk 1:04:59]}
11. Ba2 {[%clk 1:10:00]} Bb7 {[%clk 1:03:03]} 12. Qh4 {[%clk 1:02:13]} Nd4
{[%clk 1:01:14]} 13. Nxd4 {[%clk 0:57:26]} cxd4 {[%clk 0:58:49]} 14. Ne2
{[%clk 0:55:18]} Rc8 {[%clk 0:58:48]} 15. Bb3 {[%clk 0:55:21]} Rc5
{[%clk 0:21:10]} 16. Bd2 {[%clk 0:49:29]} Rh5 {[%clk 0:17:47]} 17. Qf2
{[%clk 0:45:25]} e5 {[%clk 0:17:24]} 18. g4 {[%clk 0:39:51]} Rh3 {[%clk 0:16:40]}
19. Kg2 {[%clk 0:36:40]} Rh6 {[%clk 0:14:00]} 20. f5 {[%clk 0:34:16]} gxf5
{[%clk 0:11:19]} 21. gxf5 {[%clk 0:34:11]} d5 {[%clk 0:10:26]} 22. Bxh6
{[%clk 0:33:17]} Bxh6 {[%clk 0:09:21]} 23. Qh4 {[%clk 0:31:13]} Nxf5
{[%clk 0:07:42]} 24. Qxd8 {[%clk 0:31:14]} Ne3+ {[%clk 0:08:01]} 25. Kh3
{[%clk 0:29:09]} Rxd8 {[%clk 0:08:20]} 26. Rf6 {[%clk 0:28:28]} Bg7
{[%clk 0:06:43]} 27. Rg1 {[%clk 0:28:03]} Kf8 {[%clk 0:07:02]} 28. Rb6
{[%clk 0:25:23]} Bc8+ {[%clk 0:07:18]} 29. Kh4 {[%clk 0:24:46]} dxe4
{[%clk 0:05:50]} 30. dxe4 {[%clk 0:24:22]} f5 {[%clk 0:05:20]} 31. Ng3
{[%clk 0:22:50]} fxe4 {[%clk 0:05:10]} 32. Nxe4 {[%clk 0:20:42]} d3
{[%clk 0:04:14]} 33. cxd3 {[%clk 0:14:26]} Rxd3 {[%clk 0:04:38]} 34. Rb8
{[%clk 0:12:51]} Nf5+ {[%clk 0:04:04]} 35. Kg5 {[%clk 0:12:14]} h6+
{[%clk 0:04:10]} 36. Kg6 {[%clk 0:11:37]} Ne7+ {[%clk 0:01:38]} 37. Kh7
{[%clk 0:11:55]} Rxb3 {[%clk 0:01:22]} 38. Rxg7 {[%clk 0:11:40]} Rd3
{[%clk 0:00:44]} 39. Nf6 {[%clk 0:08:46]} Rd8 {[%clk 0:00:43]} 40. Kh8
{[%clk 0:06:36]} a5 {[%clk 0:00:33]} 41. Rxb5 {[%clk 0:03:23]} Rd6
{[%clk 0:21:02]} 42. Nh7+ {[%clk 0:32:37]} Ke8 {[%clk 0:21:16]} 43. Rxe5
{[%clk 0:32:39]} Be6 {[%clk 0:19:26]} 44. Rxa5 {[%clk 0:28:20]} Bd5
{[%clk 0:19:11]} 45. Rb5 {[%clk 0:22:58]} Ng6+ {[%clk 0:14:42]} 46. Rxg6
{[%clk 0:23:07]} Rxg6 {[%clk 0:15:06]} 47. Rxd5 {[%clk 0:23:28]} 1-0

[Event "escc2023_50"]
[Site "?"]
[Date "2023.05.29"]
[Round "4.18"]
[White "Vinter-Schou, Uffe"]
[Black "Balzer, Lars"]
[Result "1-0"]
[BlackElo "2018"]
[WhiteElo "2351"]
[LiveChessVersion "1.4.8"]

1. Nf3 {[%clk 1:30:54]} g6 {[%clk 1:30:36]} 2. d4 {[%clk 1:30:34]} Bg7
{[%clk 1:30:14]} 3. c4 {[%clk 1:30:53]} d6 {[%clk 1:29:24]} 4. g3
{[%clk 1:31:06]} Nf6 {[%clk 1:29:40]} 5. Bg2 {[%clk 1:31:27]} O-O
{[%clk 1:29:59]} 6. O-O {[%clk 1:31:51]} c6 {[%clk 1:30:26]} 7. Nc3
{[%clk 1:31:57]} Qa5 {[%clk 1:29:14]} 8. e4 {[%clk 1:31:44]} Bg4 {[%clk 1:29:33]}
9. h3 {[%clk 1:26:32]} Bxf3 {[%clk 1:29:57]} 10. Qxf3 {[%clk 1:21:42]} e5
{[%clk 1:26:50]} 11. Be3 {[%clk 1:16:10]} Nbd7 {[%clk 1:24:42]} 12. Rfd1
{[%clk 1:14:46]} a6 {[%clk 1:16:57]} 13. Qe2 {[%clk 0:58:53]} Rab8
{[%clk 0:58:31]} 14. a3 {[%clk 0:54:37]} b5 {[%clk 0:50:18]} 15. b4
{[%clk 0:52:57]} Qc7 {[%clk 0:48:54]} 16. Rac1 {[%clk 0:50:17]} Qb7
{[%clk 0:48:30]} 17. d5 {[%clk 0:40:31]} cxd5 {[%clk 0:46:53]} 18. Nxd5
{[%clk 0:38:34]} Nxd5 {[%clk 0:46:25]} 19. Rxd5 {[%clk 0:38:22]} Nb6
{[%clk 0:44:33]} 20. cxb5 {[%clk 0:30:43]} Nxd5 {[%clk 0:42:03]} 21. bxa6
{[%clk 0:31:04]} Qd7 {[%clk 0:35:00]} 22. exd5 {[%clk 0:31:15]} f5
{[%clk 0:34:14]} 23. Rc6 {[%clk 0:23:09]} f4 {[%clk 0:29:43]} 24. Bd2
{[%clk 0:23:01]} fxg3 {[%clk 0:26:42]} 25. fxg3 {[%clk 0:23:14]} e4
{[%clk 0:21:03]} 26. Be3 {[%clk 0:23:37]} Be5 {[%clk 0:17:18]} 27. Qg4
{[%clk 0:11:57]} Qg7 {[%clk 0:15:19]} 28. Qxe4 {[%clk 0:09:12]} Bxg3
{[%clk 0:10:56]} 29. Bd4 {[%clk 0:09:04]} Qh6 {[%clk 0:07:45]} 30. Qe6+
{[%clk 0:08:16]} Rf7 {[%clk 0:07:53]} 31. a7 {[%clk 0:08:18]} Rbf8
{[%clk 0:07:50]} 32. Rc8 {[%clk 0:07:43]} 1-0

[Event "escc2023_50"]
[Site "?"]
[Date "2023.05.29"]
[Round "4.19"]
[White "Waddington, Mike P"]
[Black "Vehi Bach, Victor Manuel"]
[Result "1-0"]
[BlackElo "2236"]
[WhiteElo "1996"]
[LiveChessVersion "1.4.8"]

1. e4 {[%clk 1:30:56]} c5 {[%clk 1:30:54]} 2. Nc3 {[%clk 1:31:16]} a6
{[%clk 1:31:17]} 3. g3 {[%clk 1:31:26]} b5 {[%clk 1:31:33]} 4. Bg2
{[%clk 1:31:46]} Bb7 {[%clk 1:31:58]} 5. Nge2 {[%clk 1:31:53]} e6
{[%clk 1:31:17]} 6. O-O {[%clk 1:30:42]} Nf6 {[%clk 1:30:42]} 7. d3
{[%clk 1:30:18]} b4 {[%clk 1:19:46]} 8. Nb1 {[%clk 1:29:26]} d5 {[%clk 1:20:07]}
9. Nd2 {[%clk 1:27:40]} Be7 {[%clk 1:19:25]} 10. Nf4 {[%clk 1:22:45]} O-O
{[%clk 1:05:16]} 11. Re1 {[%clk 1:18:03]} Nc6 {[%clk 1:01:39]} 12. exd5
{[%clk 1:10:25]} exd5 {[%clk 1:01:04]} 13. Nf3 {[%clk 1:10:34]} Qc7
{[%clk 0:53:01]} 14. Ng5 {[%clk 1:02:50]} Rad8 {[%clk 0:48:05]} 15. c3
{[%clk 0:58:55]} Bc8 {[%clk 0:43:58]} 16. h4 {[%clk 0:51:42]} h6 {[%clk 0:42:35]}
17. Nf3 {[%clk 0:51:48]} Bf5 {[%clk 0:41:15]} 18. a3 {[%clk 0:48:17]} bxc3
{[%clk 0:40:27]} 19. bxc3 {[%clk 0:48:39]} Rfe8 {[%clk 0:40:28]} 20. Qa4
{[%clk 0:46:41]} Na5 {[%clk 0:28:58]} 21. c4 {[%clk 0:40:42]} Bd7
{[%clk 0:25:09]} 22. Qc2 {[%clk 0:40:51]} d4 {[%clk 0:21:52]} 23. Bd2
{[%clk 0:39:46]} Bd6 {[%clk 0:22:09]} 24. Nh2 {[%clk 0:35:06]} Nc6
{[%clk 0:20:42]} 25. Rab1 {[%clk 0:34:56]} Rxe1+ {[%clk 0:20:41]} 26. Rxe1
{[%clk 0:35:12]} Ne5 {[%clk 0:20:49]} 27. Nf3 {[%clk 0:34:49]} Neg4
{[%clk 0:19:40]} 28. Nh2 {[%clk 0:28:54]} Nxh2 {[%clk 0:16:59]} 29. Kxh2
{[%clk 0:28:45]} Bc6 {[%clk 0:17:27]} 30. Bh3 {[%clk 0:22:57]} Rb8
{[%clk 0:17:01]} 31. Rb1 {[%clk 0:20:51]} Rxb1 {[%clk 0:15:41]} 32. Qxb1
{[%clk 0:21:16]} Bf3 {[%clk 0:12:24]} 33. Qe1 {[%clk 0:19:42]} Qc6
{[%clk 0:12:20]} 34. Kg1 {[%clk 0:16:24]} Qa4 {[%clk 0:12:40]} 35. Bc1
{[%clk 0:13:42]} Qb3 {[%clk 0:11:23]} 36. Bf1 {[%clk 0:11:43]} Ba8
{[%clk 0:09:07]} 37. Nh5 {[%clk 0:06:01]} Qb7 {[%clk 0:07:30]} 38. Nxf6+
{[%clk 0:06:19]} gxf6 {[%clk 0:07:58]} 39. Qe4 {[%clk 0:06:19]} Qxe4
{[%clk 0:07:39]} 40. dxe4 {[%clk 0:06:44]} Bxe4 {[%clk 0:06:46]} 41. Bxh6
{[%clk 0:06:10]} d3 {[%clk 0:02:46]} 42. Bd2 {[%clk 0:06:12]} Be5
{[%clk 0:02:33]} 43. Bg2 {[%clk 0:27:19]} Bf5 {[%clk 0:31:39]} 44. Bb7
{[%clk 0:24:13]} Bb2 {[%clk 0:30:48]} 45. Bxa6 {[%clk 0:23:07]} Bxa3
{[%clk 0:31:10]} 46. Kf1 {[%clk 0:23:21]} Be4 {[%clk 0:27:49]} 47. Ke1
{[%clk 0:22:38]} Bb2 {[%clk 0:25:24]} 48. Ba5 {[%clk 0:19:11]} Bd4
{[%clk 0:24:32]} 49. Bc8 {[%clk 0:18:01]} Kg7 {[%clk 0:22:08]} 50. Bd2
{[%clk 0:17:46]} f5 {[%clk 0:16:47]} 51. f3 {[%clk 0:14:20]} Bxf3
{[%clk 0:17:15]} 52. Bxf5 {[%clk 0:14:40]} Be2 {[%clk 0:17:41]} 53. g4
{[%clk 0:10:29]} Kf6 {[%clk 0:15:46]} 54. Bg5+ {[%clk 0:09:55]} Ke5
{[%clk 0:15:56]} 55. Kd2 {[%clk 0:10:03]} Bf2 {[%clk 0:15:57]} 56. h5
{[%clk 0:08:47]} Kd4 {[%clk 0:15:54]} 57. h6 {[%clk 0:08:32]} Kxc4
{[%clk 0:16:13]} 58. Bf6 {[%clk 0:06:26]} Bg3 {[%clk 0:13:28]} 59. Ke3
{[%clk 0:04:47]} 1-0

[Event "escc2023_50"]
[Site "?"]
[Date "2023.05.29"]
[Round "4.20"]
[White "Zaninotto, Franco"]
[Black "Druckenthaner, Andreas"]
[Result "1/2-1/2"]
[BlackElo "2227"]
[WhiteElo "1999"]
[LiveChessVersion "1.4.8"]

1. e4 {[%clk 1:30:40]} e5 {[%clk 1:30:54]} 2. Nf3 {[%clk 1:31:00]} Nc6
{[%clk 1:31:16]} 3. Bb5 {[%clk 1:31:14]} Bc5 {[%clk 1:31:39]} 4. O-O
{[%clk 1:31:25]} Nd4 {[%clk 1:32:01]} 5. b4 {[%clk 1:30:55]} Bxb4
{[%clk 1:32:20]} 6. Nxd4 {[%clk 1:31:21]} exd4 {[%clk 1:32:39]} 7. c3
{[%clk 1:31:38]} Qg5 {[%clk 1:24:34]} 8. Qa4 {[%clk 1:27:12]} Be7
{[%clk 1:18:03]} 9. cxd4 {[%clk 1:22:58]} c6 {[%clk 1:16:53]} 10. Be2
{[%clk 1:22:21]} Nf6 {[%clk 1:14:05]} 1/2-1/2

[Event "escc2023_50"]
[Site "?"]
[Date "2023.05.29"]
[Round "4.21"]
[White "Meessen, Rudolf"]
[Black "Sielicki, Tomasz"]
[Result "0-1"]
[BlackElo "1972"]
[WhiteElo "2155"]
[LiveChessVersion "1.4.8"]

1. e4 {[%clk 1:30:53]} e5 {[%clk 1:30:51]} 2. Nf3 {[%clk 1:31:16]} Nc6
{[%clk 1:31:15]} 3. d4 {[%clk 1:31:18]} exd4 {[%clk 1:31:24]} 4. Nxd4
{[%clk 1:31:42]} Nf6 {[%clk 1:30:51]} 5. Nxc6 {[%clk 1:32:05]} bxc6
{[%clk 1:31:09]} 6. Nd2 {[%clk 1:32:23]} d5 {[%clk 1:30:18]} 7. exd5
{[%clk 1:32:48]} cxd5 {[%clk 1:30:38]} 8. Bb5+ {[%clk 1:33:12]} Bd7
{[%clk 1:29:53]} 9. Bxd7+ {[%clk 1:33:10]} Qxd7 {[%clk 1:30:01]} 10. O-O
{[%clk 1:33:34]} Be7 {[%clk 1:29:24]} 11. b3 {[%clk 1:33:57]} O-O
{[%clk 1:29:15]} 12. Bb2 {[%clk 1:34:24]} Rfe8 {[%clk 1:23:44]} 13. Qf3
{[%clk 1:34:38]} Qg4 {[%clk 1:15:00]} 14. Qd3 {[%clk 1:29:09]} Rad8
{[%clk 1:10:12]} 15. h3 {[%clk 1:26:21]} Qg6 {[%clk 1:07:00]} 16. Qxg6
{[%clk 1:21:39]} hxg6 {[%clk 1:07:17]} 17. Rad1 {[%clk 1:20:22]} Bb4
{[%clk 1:02:51]} 18. a3 {[%clk 1:15:37]} Ba5 {[%clk 0:59:18]} 19. b4
{[%clk 1:05:22]} Bb6 {[%clk 0:59:27]} 20. Bxf6 {[%clk 0:52:58]} gxf6
{[%clk 0:59:42]} 21. c4 {[%clk 0:44:47]} dxc4 {[%clk 0:50:20]} 22. Nxc4
{[%clk 0:45:12]} Rxd1 {[%clk 0:48:24]} 23. Rxd1 {[%clk 0:45:37]} Re2
{[%clk 0:47:55]} 24. Nxb6 {[%clk 0:45:17]} axb6 {[%clk 0:48:14]} 25. Rc1
{[%clk 0:44:35]} Re7 {[%clk 0:48:33]} 26. Kf1 {[%clk 0:44:15]} f5
{[%clk 0:44:13]} 27. g3 {[%clk 0:43:56]} Kf8 {[%clk 0:44:15]} 28. Rc3
{[%clk 0:43:57]} Ke8 {[%clk 0:41:53]} 29. Re3 {[%clk 0:43:04]} Rxe3
{[%clk 0:41:23]} 30. fxe3 {[%clk 0:43:32]} b5 {[%clk 0:41:42]} 31. e4
{[%clk 0:43:47]} fxe4 {[%clk 0:42:02]} 32. Ke2 {[%clk 0:19:47]} f5
{[%clk 0:40:10]} 33. Ke3 {[%clk 0:19:55]} Ke7 {[%clk 0:39:50]} 34. h4
{[%clk 0:13:41]} Kf6 {[%clk 0:37:22]} 35. Kf4 {[%clk 0:10:03]} Kg7
{[%clk 0:36:30]} 36. g4 {[%clk 0:08:31]} Kh6 {[%clk 0:35:14]} 37. h5
{[%clk 0:07:34]} g5+ {[%clk 0:31:44]} 38. Kg3 {[%clk 0:07:23]} fxg4
{[%clk 0:31:58]} 0-1

[Event "escc2023_50"]
[Site "?"]
[Date "2023.05.29"]
[Round "4.22"]
[White "Tunge, Christian"]
[Black "Roatta, Luca"]
[Result "1-0"]
[BlackElo "2122"]
[WhiteElo "1991"]
[LiveChessVersion "1.4.8"]

1. c4 {[%clk 1:30:56]} c6 {[%clk 1:30:55]} 2. g3 {[%clk 1:31:06]} d5
{[%clk 1:30:49]} 3. Nf3 {[%clk 1:31:26]} Nf6 {[%clk 1:30:54]} 4. Bg2
{[%clk 1:31:47]} dxc4 {[%clk 1:29:56]} 5. O-O {[%clk 1:32:08]} Nbd7
{[%clk 1:29:35]} 6. Na3 {[%clk 1:15:37]} Nb6 {[%clk 1:28:03]} 7. Qc2
{[%clk 1:14:33]} Be6 {[%clk 1:25:39]} 8. Ne5 {[%clk 1:13:31]} g6 {[%clk 1:03:09]}
9. Naxc4 {[%clk 1:10:25]} Nxc4 {[%clk 1:01:16]} 10. Nxc4 {[%clk 1:10:38]} Bg7
{[%clk 1:01:27]} 11. b3 {[%clk 1:07:20]} Bd5 {[%clk 0:51:16]} 12. Bb2
{[%clk 0:59:34]} Bxg2 {[%clk 0:44:47]} 13. Kxg2 {[%clk 0:59:51]} h5
{[%clk 0:40:27]} 14. h4 {[%clk 0:51:38]} g5 {[%clk 0:36:30]} 15. Rh1
{[%clk 0:49:03]} Rg8 {[%clk 0:29:40]} 16. e4 {[%clk 0:32:08]} g4 {[%clk 0:18:33]}
17. a4 {[%clk 0:20:42]} Qd7 {[%clk 0:15:16]} 18. a5 {[%clk 0:18:48]} Qe6
{[%clk 0:12:07]} 19. d3 {[%clk 0:18:26]} Rd8 {[%clk 0:10:41]} 20. Rhe1
{[%clk 0:13:18]} Nd7 {[%clk 0:09:56]} 21. Bxg7 {[%clk 0:12:47]} Rxg7
{[%clk 0:10:20]} 22. Qc3 {[%clk 0:12:56]} Qf6 {[%clk 0:09:46]} 23. d4
{[%clk 0:09:23]} c5 {[%clk 0:08:11]} 24. Rad1 {[%clk 0:09:21]} b5
{[%clk 0:06:50]} 25. axb6 {[%clk 0:04:00]} axb6 {[%clk 0:07:07]} 26. e5
{[%clk 0:04:02]} Qc6+ {[%clk 0:07:18]} 27. d5 {[%clk 0:04:21]} Qb7
{[%clk 0:07:42]} 28. Kg1 {[%clk 0:04:08]} Kf8 {[%clk 0:05:58]} 29. e6
{[%clk 0:02:50]} Nf6 {[%clk 0:05:51]} 30. d6 {[%clk 0:03:12]} Ne4
{[%clk 0:06:00]} 31. Rxe4 {[%clk 0:03:03]} Qxe4 {[%clk 0:06:15]} 32. dxe7+
{[%clk 0:03:18]} Kxe7 {[%clk 0:06:18]} 33. Rxd8 {[%clk 0:03:35]} Qb1+
{[%clk 0:05:48]} 34. Kh2 {[%clk 0:03:21]} Qf5 {[%clk 0:03:22]} 35. Rd2
{[%clk 0:02:57]} Rg6 {[%clk 0:03:14]} 36. exf7 {[%clk 0:03:13]} b5
{[%clk 0:02:17]} 37. Ne5 {[%clk 0:02:41]} Rf6 {[%clk 0:00:53]} 38. Qxc5+
{[%clk 0:02:56]} 1-0

[Event "escc2023_50"]
[Site "?"]
[Date "2023.05.29"]
[Round "4.23"]
[White "Braun, Klaus"]
[Black "Nelis, Jean-Francois"]
[Result "1/2-1/2"]
[BlackElo "2094"]
[WhiteElo "1976"]
[LiveChessVersion "1.4.8"]

1. d4 {[%clk 1:30:56]} e6 {[%clk 1:30:46]} 2. c4 {[%clk 1:31:19]} Bb4+
{[%clk 1:31:05]} 3. Bd2 {[%clk 1:29:58]} a5 {[%clk 1:31:23]} 4. Nf3
{[%clk 1:26:31]} d6 {[%clk 1:31:24]} 5. e3 {[%clk 1:24:46]} Nf6 {[%clk 1:30:04]}
6. Be2 {[%clk 1:18:43]} b6 {[%clk 1:25:14]} 7. O-O {[%clk 1:18:18]} Bb7
{[%clk 1:25:19]} 8. Bxb4 {[%clk 1:16:38]} axb4 {[%clk 1:25:39]} 9. Qb3
{[%clk 1:12:23]} c5 {[%clk 1:23:45]} 10. Nbd2 {[%clk 1:12:13]} Nbd7
{[%clk 1:17:55]} 11. a3 {[%clk 1:08:03]} bxa3 {[%clk 1:18:07]} 12. Rxa3
{[%clk 1:07:58]} Rxa3 {[%clk 1:17:54]} 13. Qxa3 {[%clk 1:07:59]} O-O
{[%clk 1:09:51]} 14. b4 {[%clk 1:02:44]} Qc7 {[%clk 1:05:21]} 15. Qb2
{[%clk 0:59:01]} Ra8 {[%clk 1:02:35]} 16. Rb1 {[%clk 0:54:20]} Bc6
{[%clk 1:01:47]} 17. Ne1 {[%clk 0:41:07]} Ra4 {[%clk 0:49:02]} 18. bxc5
{[%clk 0:33:37]} bxc5 {[%clk 0:48:38]} 19. Bf3 {[%clk 0:30:12]} Rb4
{[%clk 0:43:31]} 20. Qa2 {[%clk 0:29:11]} Rxb1 {[%clk 0:31:45]} 21. Qxb1
{[%clk 0:29:32]} cxd4 {[%clk 0:23:06]} 22. exd4 {[%clk 0:29:17]} Bxf3
{[%clk 0:20:37]} 1/2-1/2

[Event "escc2023_50"]
[Site "?"]
[Date "2023.05.29"]
[Round "4.24"]
[White "Mileto, Gabriele"]
[Black "Cazzaniga, Walter"]
[Result "0-1"]
[BlackElo "1970"]
[WhiteElo "2092"]
[LiveChessVersion "1.4.8"]

1. d4 {[%clk 1:30:57]} Nf6 {[%clk 1:30:57]} 2. c4 {[%clk 1:31:19]} g6
{[%clk 1:31:13]} 3. Nc3 {[%clk 1:31:43]} Bg7 {[%clk 1:31:33]} 4. e4
{[%clk 1:32:07]} d6 {[%clk 1:31:51]} 5. f3 {[%clk 1:32:29]} O-O {[%clk 1:32:10]}
6. Be3 {[%clk 1:32:54]} Nc6 {[%clk 1:32:12]} 7. Nge2 {[%clk 1:33:11]} a6
{[%clk 1:29:33]} 8. Qd2 {[%clk 1:33:16]} Rb8 {[%clk 1:30:00]} 9. Rc1
{[%clk 1:33:29]} Bd7 {[%clk 1:30:04]} 10. Nd1 {[%clk 1:33:32]} e5
{[%clk 1:23:15]} 11. d5 {[%clk 1:32:43]} Ne7 {[%clk 1:23:42]} 12. Ng3
{[%clk 1:32:55]} Ne8 {[%clk 1:21:54]} 13. Be2 {[%clk 1:28:53]} c5
{[%clk 1:08:17]} 14. O-O {[%clk 1:17:52]} f5 {[%clk 1:06:57]} 15. exf5
{[%clk 1:14:12]} Nxf5 {[%clk 1:05:50]} 16. Nxf5 {[%clk 1:11:46]} gxf5
{[%clk 1:01:35]} 17. f4 {[%clk 1:10:01]} e4 {[%clk 1:02:01]} 18. Kh1
{[%clk 1:06:27]} Kh8 {[%clk 1:02:28]} 19. Nf2 {[%clk 1:05:37]} Nf6
{[%clk 0:51:33]} 20. h3 {[%clk 1:03:24]} b5 {[%clk 0:51:43]} 21. g4
{[%clk 0:56:44]} fxg4 {[%clk 0:51:09]} 22. hxg4 {[%clk 0:56:54]} Nxg4
{[%clk 0:50:34]} 23. Nxg4 {[%clk 0:49:02]} Bxg4 {[%clk 0:50:39]} 24. Bxg4
{[%clk 0:48:10]} Qh4+ {[%clk 0:51:06]} 25. Qh2 {[%clk 0:48:02]} Qxg4
{[%clk 0:51:32]} 26. cxb5 {[%clk 0:47:39]} Rxb5 {[%clk 0:51:59]} 27. Rc2
{[%clk 0:47:32]} Rf5 {[%clk 0:50:47]} 28. Rg2 {[%clk 0:45:45]} Qh5
{[%clk 0:51:14]} 29. b3 {[%clk 0:45:18]} Rb8 {[%clk 0:46:36]} 30. Rg5
{[%clk 0:43:03]} Qxh2+ {[%clk 0:46:31]} 31. Kxh2 {[%clk 0:43:31]} Rbf8
{[%clk 0:45:43]} 32. Rxf5 {[%clk 0:37:04]} Rxf5 {[%clk 0:46:10]} 33. Rd1
{[%clk 0:37:27]} Kg8 {[%clk 0:46:04]} 34. Kg3 {[%clk 0:37:43]} h5
{[%clk 0:46:31]} 35. Kh4 {[%clk 0:28:00]} Kf7 {[%clk 0:46:26]} 36. Rd2
{[%clk 0:27:55]} Bh6 {[%clk 0:45:33]} 37. Kg3 {[%clk 0:28:16]} Bg7
{[%clk 0:45:33]} 38. Rd1 {[%clk 0:28:14]} Bd4 {[%clk 0:45:25]} 39. Re1
{[%clk 0:26:13]} Rxd5 {[%clk 0:45:22]} 40. Bc1 {[%clk 0:26:34]} e3
{[%clk 0:43:11]} 41. Bxe3 {[%clk 0:25:39]} Bxe3 {[%clk 0:43:38]} 42. Rxe3
{[%clk 0:25:56]} Rd2 {[%clk 0:43:19]} 43. a4 {[%clk 0:26:04]} Kf6
{[%clk 0:43:19]} 44. Rc3 {[%clk 0:20:17]} Kf5 {[%clk 0:43:20]} 45. a5
{[%clk 0:16:42]} Rd4 {[%clk 0:43:21]} 46. Kh4 {[%clk 0:15:55]} Kxf4
{[%clk 0:43:30]} 47. Kxh5 {[%clk 0:16:15]} Ke5 0-1

[Event "escc2023_50"]
[Site "?"]
[Date "2023.05.29"]
[Round "4.25"]
[White "Fink-Nunn, Petra"]
[Black "Bub, Volker"]
[Result "1/2-1/2"]
[BlackElo "2079"]
[WhiteElo "1970"]
[LiveChessVersion "1.4.8"]

1. e4 {[%clk 1:30:57]} d5 {[%clk 1:30:51]} 2. exd5 {[%clk 1:31:20]} Nf6
{[%clk 1:31:15]} 3. d4 {[%clk 1:31:36]} Nxd5 {[%clk 1:31:37]} 4. Nf3
{[%clk 1:31:21]} g6 {[%clk 1:31:42]} 5. c4 {[%clk 1:30:16]} Nb6 {[%clk 1:32:07]}
6. c5 {[%clk 1:29:26]} Nd5 {[%clk 1:32:00]} 7. Bc4 {[%clk 1:28:58]} Bg7
{[%clk 1:24:50]} 8. O-O {[%clk 1:28:44]} O-O {[%clk 1:25:13]} 9. Nc3
{[%clk 1:28:28]} c6 {[%clk 1:24:28]} 10. Qb3 {[%clk 1:16:00]} Nxc3
{[%clk 1:23:56]} 11. bxc3 {[%clk 1:15:58]} b5 {[%clk 1:21:45]} 12. cxb6
{[%clk 1:08:38]} axb6 {[%clk 1:20:49]} 13. a4 {[%clk 0:55:06]} Ba6
{[%clk 1:02:39]} 14. Rb1 {[%clk 0:46:31]} Nd7 {[%clk 1:00:41]} 15. Re1
{[%clk 0:44:41]} Bxc4 {[%clk 0:52:42]} 16. Qxc4 {[%clk 0:45:08]} e6
{[%clk 0:51:07]} 17. Bf4 {[%clk 0:33:41]} Qc8 {[%clk 0:40:40]} 18. Ne5
{[%clk 0:29:59]} Nxe5 {[%clk 0:40:36]} 19. Bxe5 {[%clk 0:30:21]} Ra6
{[%clk 0:37:42]} 20. Bxg7 {[%clk 0:22:46]} Kxg7 {[%clk 0:38:05]} 21. Rb4
{[%clk 0:22:23]} Qa8 {[%clk 0:30:35]} 22. Reb1 {[%clk 0:21:58]} Rc8
{[%clk 0:30:09]} 23. Rxb6 {[%clk 0:20:05]} Rxa4 {[%clk 0:30:29]} 24. Qc5
{[%clk 0:17:23]} Ra5 {[%clk 0:28:33]} 25. Qe7 {[%clk 0:17:28]} Rf5
{[%clk 0:26:26]} 26. h3 {[%clk 0:15:58]} h5 {[%clk 0:26:17]} 27. Qd7
{[%clk 0:14:23]} c5 {[%clk 0:22:03]} 28. Rxe6 {[%clk 0:05:07]} Qa2
{[%clk 0:13:28]} 29. Reb6 {[%clk 0:02:39]} Rxf2 {[%clk 0:06:19]} 30. Qb7
{[%clk 0:02:05]} cxd4 {[%clk 0:05:06]} 31. R6b2 {[%clk 0:00:57]} Rxb2
{[%clk 0:05:14]} 32. Rxb2 {[%clk 0:01:25]} Qa1+ {[%clk 0:04:39]} 33. Kh2
{[%clk 0:01:33]} dxc3 {[%clk 0:03:20]} 34. Rf2 {[%clk 0:02:01]} Rf8
{[%clk 0:03:41]} 35. Qb3 {[%clk 0:01:25]} Qe1 {[%clk 0:03:44]} 36. Rf3
{[%clk 0:01:34]} Qe5+ {[%clk 0:04:00]} 37. Kh1 {[%clk 0:01:37]} c2
{[%clk 0:01:54]} 38. Qxc2 {[%clk 0:01:51]} Ra8 {[%clk 0:02:10]} 39. Rf1
{[%clk 0:01:45]} Ra1 {[%clk 0:02:29]} 40. Rxa1 {[%clk 0:01:28]} Qxa1+
{[%clk 0:02:57]} 41. Kh2 {[%clk 0:01:42]} Qe5+ {[%clk 0:03:22]} 42. Kg1
{[%clk 0:01:53]} Qe3+ {[%clk 0:01:56]} 43. Kh2 {[%clk 0:28:47]} Qf4+
{[%clk 0:32:08]} 44. Kg1 {[%clk 0:29:04]} g5 {[%clk 0:32:07]} 45. Qc3+
{[%clk 0:27:20]} f6 {[%clk 0:31:49]} 46. Qd3 {[%clk 0:26:30]} g4 {[%clk 0:31:06]}
47. hxg4 {[%clk 0:26:35]} hxg4 {[%clk 0:31:30]} 48. g3 {[%clk 0:26:01]} Qc1+
{[%clk 0:31:43]} 49. Kg2 {[%clk 0:25:04]} Qb2+ {[%clk 0:29:29]} 50. Kf1
{[%clk 0:24:03]} Qa1+ {[%clk 0:25:55]} 51. Kg2 {[%clk 0:24:12]} Qa2+
{[%clk 0:26:22]} 52. Kf1 {[%clk 0:24:09]} Qe6 {[%clk 0:26:46]} 53. Kg2
{[%clk 0:21:06]} Kh6 {[%clk 0:26:29]} 54. Qd2+ {[%clk 0:13:34]} Kg6
{[%clk 0:26:47]} 55. Qd3+ {[%clk 0:12:35]} f5 {[%clk 0:26:58]} 56. Qc3
{[%clk 0:12:02]} Qe2+ {[%clk 0:25:04]} 57. Kg1 {[%clk 0:12:13]} Qd1+
{[%clk 0:22:41]} 58. Kf2 {[%clk 0:12:03]} Qh1 {[%clk 0:22:32]} 59. Qe3
{[%clk 0:10:58]} Qc6 {[%clk 0:21:29]} 60. Kg1 {[%clk 0:10:59]} Qe4
{[%clk 0:20:32]} 61. Qb6+ {[%clk 0:10:23]} Kf7 {[%clk 0:20:13]} 62. Qb3+
{[%clk 0:07:23]} Kf6 {[%clk 0:20:24]} 63. Qc3+ {[%clk 0:07:34]} Ke6
{[%clk 0:20:35]} 64. Kf2 {[%clk 0:05:36]} Kd5 {[%clk 0:17:22]} 65. Qa5+
{[%clk 0:05:32]} Ke6 {[%clk 0:15:17]} 66. Qb6+ {[%clk 0:05:38]} Ke5
{[%clk 0:14:20]} 67. Qb8+ {[%clk 0:05:49]} Kd5 {[%clk 0:13:12]} 68. Qb5+
{[%clk 0:06:13]} Ke6 {[%clk 0:13:14]} 69. Qb6+ {[%clk 0:06:30]} Kf7
{[%clk 0:13:36]} 70. Qc7+ {[%clk 0:06:16]} Kf6 {[%clk 0:13:29]} 71. Qd6+
{[%clk 0:06:10]} Qe6 {[%clk 0:12:20]} 72. Qd4+ {[%clk 0:06:21]} Kg6
{[%clk 0:12:13]} 73. Qc3 {[%clk 0:06:13]} Qa2+ {[%clk 0:12:23]} 74. Kg1
{[%clk 0:06:11]} Qb1+ {[%clk 0:12:42]} 75. Kg2 {[%clk 0:06:23]} Qe4+
{[%clk 0:13:07]} 76. Kg1 {[%clk 0:06:08]} f4 {[%clk 0:12:15]} 77. gxf4
{[%clk 0:06:11]} Qxf4 {[%clk 0:12:40]} 78. Qc6+ {[%clk 0:03:26]} Kg5
{[%clk 0:12:41]} 79. Qd5+ {[%clk 0:03:28]} Kh4 {[%clk 0:12:21]} 80. Qh1+
{[%clk 0:03:47]} Kg5 {[%clk 0:12:18]} 81. Qd5+ {[%clk 0:04:14]} Qf5
{[%clk 0:12:40]} 82. Qxf5+ {[%clk 0:04:31]} Kxf5 {[%clk 0:13:05]} 83. Kg2
{[%clk 0:04:52]} Kf4 {[%clk 0:13:23]} 84. Kf2 {[%clk 0:05:16]} g3+
{[%clk 0:13:42]} 85. Kg2 {[%clk 0:05:40]} Kg4 {[%clk 0:14:08]} 86. Kg1
{[%clk 0:06:02]} Kf5 {[%clk 0:14:07]} 87. Kf1 {[%clk 0:05:32]} Kg5
{[%clk 0:14:08]} 88. Kg1 {[%clk 0:05:46]} Kh4 {[%clk 0:14:32]} 89. Kg2
{[%clk 0:06:10]} Kg4 {[%clk 0:14:56]} 90. Kg1 {[%clk 0:06:36]} Kh5
{[%clk 0:14:22]} 91. Kh1 {[%clk 0:06:47]} Kg5 {[%clk 0:14:32]} 92. Kg1
{[%clk 0:07:10]} Kg4 {[%clk 0:14:49]} 93. Kg2 {[%clk 0:07:25]} Kf4
{[%clk 0:15:14]} 94. Kg1 {[%clk 0:07:48]} Kf3 {[%clk 0:15:40]} 95. Kf1
{[%clk 0:08:11]} g2+ {[%clk 0:16:06]} 96. Kg1 {[%clk 0:08:37]} Kg3
{[%clk 0:15:22]} 1/2-1/2